Geografia - prawda czy fałsz? #3 - Statystyki

Ogólne statystyki
  • Ten quiz został rozwiązany 5 526 razy
    5 494 od ostatniego zresetowania
  • Średni wynik to 11 z 16
Statystyki odpowiedzi
Zagadnienie Odpowiedź % Poprawnych
Szwajcaria nie ma dostępu do morza Prawda
87%
Większość Grenlandii pokryta jest pokrywą lodową Prawda
86%
Najwyższa góra w Polsce znajduje się w województwie śląskim Fałsz
85%
Kajmany są niepodległym państwem Fałsz
81%
Tanzania leży na wschodnim wybrzeżu Afryki Prawda
78%
Indonezja jest bardziej zaludniona niż Wietnam Prawda
77%
Turcja Należy do NATO Prawda
75%
W Polsce znajduje się chociaż jedno miasto na literę Ć Prawda
74%
Krym położony jest nad Morzem Kaspijskim Fałsz
71%
Granicę między Meksykiem a Teksasem tworzy rzeka Rio Grande Prawda
59%
Białe Klify Dover są czasami widoczne z Francji Prawda
59%
Hindi i urdu są blisko spokrewnionymi językami Prawda
57%
Lagos jest stolicą Nigerii Fałsz
55%
Moskwa to najbardziej zaludniony obszar miejski, którego nazwa zaczyna się na literę M Fałsz
50%
Na Hawajach pada śnieg Prawda
43%
Stany Zjednoczone eksportują więcej niż importują Fałsz
37%
Nie znaleziono quizów pasujących do podanych kryteriów
Rozkład punktacji
Procent ludzi z każdym wynikiem
Percentyl według liczby udzielonych odpowiedzi
Twoja historia wyników
Nie rozwiązałeś tego quizu od ostatniego zresetowania